Couples célèbres dans l'histoire - Statistiques

Statistiques générales
  • Ce quiz a été pris 143 fois
  • Le résultat moyen est 3 sur 8
Statistiques - réponses
Par images Hint Réponse % Correct
Scientifique Pierre et Marie Curie
66%
Littéraire Roméo et Juliette
64%
Criminel Bonnie et Clyde
56%
Royal Lady Diana et Prince Charles
46%
Royal Louis XVI et Marie Antoinette
30%
Politique Michelle et Barack Obama
29%
Politique Cléopâtre et Antoine
14%
Politique Jacqueline et John F. Kennedy
12%
Aucun quiz correspondant
Distribution des résultats
% des personnes avec chaque résultat
Percentile par nombre de réponses
Votre historique - résultats
Vous n’avez pas pris ce quiz